Atgender spring conferenci 2014 = Conferència de primavera atgender 2014 : Barcelona : 25-27 June/juny Barcelona :
Descripción Física:
[15] p. ; 21 cm
Materias:
Igualtat entre els sexes
MARC
| LEADER | 00000nam a2200000Ia 4500 | ||
|---|---|---|---|
| 001 | 24093 | ||
| 003 | BGR | ||
| 005 | 20260324180604.0 | ||
| 008 | 160829s2014 xx 000 0 cat d | ||
| 080 | |a FU-64-45 | ||
| 245 | |a Atgender spring conferenci 2014 = Conferència de primavera atgender 2014 : |b Barcelona : |b 25-27 June/juny | ||
| 260 | |a Barcelona : |b Diputació de Barcelona, |c 2014 | ||
| 300 | |a [15] p. ; |c 21 cm | ||
| 590 | |a Text bilingüe anglès-català | ||
| 650 | 0 | |a Igualtat entre els sexes |9 49431 | |
| 710 | 1 | |a Barcelona (Catalunya : Província). |b Diputació |9 52408 | |
| 710 | 2 | |a ATGENDER |9 70337 | |
| 856 | |u www.atgender.eu | ||
| 901 | |a Arxiu | ||
| 942 | |n 1 |2 udc |c MON | ||
| 952 | |0 0 |1 0 |4 0 |6 FU6445 |7 1 |9 55326 |a Arxiu |b Arxiu |d 2016-12-01 |l 0 |o FU-64-45 |p 24093 |r 2016-12-01 00:00:00 |w 2016-12-01 |y ARXIU | ||
| 999 | |c 59199 |d 59199 | ||